Κατάλογος Βιβλιοθηκών Mediterranean College

Advertising, Promotion, and Supplemental Aspects of Integrated Marketing Communications / Fourth Edition (Record no. 1641)

MARC details
000 -LEADER
fixed length control field 01100cam a22002174a 4500
005 - ΗΜΕΡΟΜΗΝΙΑ ΚΑΙ ΩΡΑ ΤΕΛΕΥΤΑΙΑΣ ΕΝΗΜΕΡΩΣΗΣ
Πεδίο ελέγχου 20250605164015.0
008 - FIXED-LENGTH DATA ELEMENTS--GENERAL INFORMATION
Πεδίο ελέγχου σταθερού μήκους 250528s ||||||||||||||||||||||||d
035 ## - SYSTEM CONTROL NUMBER
System control number 16104
020 ## - ISBN
ISBN 30103525
040 ## - ΠΗΓΗ ΚΑΤΑΛΟΓΟΓΡΑΦΗΣΗΣ
Φορέας πρωτότυπης καταλογογράφησης MC Athens Campus Library
Γλώσσα καταλογογράφησης Ελληνικά, Μοντέρνα (1453-)
Modifying agency MC Athens Campus Library
Κανόνες περιγραφικής καταλογογράφησης AACR2
245 1# - ΤΙΤΛΟΣ ΚΑΙ ΔΗΛΩΣΗ ΥΠΕΥΘΥΝΟΤΗΤΑΣ
Τίτλος Advertising, Promotion, and Supplemental Aspects of Integrated Marketing Communications / Fourth Edition
250 ## - EDITION STATEMENT
Edition statement 4th
260 ## - PUBLICATION, DISTRIBUTION, ETC.
Name of publisher, distributor, etc. The Dryden Press,
Date of publication, distribution, etc. 1997
300 ## - PHYSICAL DESCRIPTION
Extent 602
505 0# - FORMATTED CONTENTS NOTE
Formatted contents note Preface, The Concept and Practice and Environment of Integrated Marketing Communications, Targeting Integrated Marketing Communications, Personal Selling, Advertising Management, Sales Promotion Management, Supportive Marketing Communications Tools, Glossary, Index.
520 ## - SUMMARY, ETC.
Summary, etc. Preface, The Concept and Practice and Environment of Integrated Marketing Communications, Targeting Integrated Marketing Communications, Personal Selling, Advertising Management, Sales Promotion Management, Supportive Marketing Communications Tools, Glossary, Index.
700 1# - ΠΡΟΣΘΕΤΗ ΑΝΑΓΡΑΦΗ--ΦΥΣΙΚΟ ΠΡΟΣΩΠΟ
Personal name Shimp Terence A
9 (RLIN) 1429
942 ## - ADDED ENTRY ELEMENTS (KOHA)
Koha item type Books
Holdings
Τύπος τεκμηρίου Βιβλιοθήκη Τρέχουσα τοποθεσία Barcode Αριθμός εισαγωγής Ημερομηνία απόκτησης Ταξιθετικό σύμβολο Αριθμός αντιτύπου Κατάσταση απόσυρσης Κατάσταση χαμένου Κατάσταση κατεστραμμένου Μη δανεισμός Σύνολο δανεισμών Ημερομηνία τελευταίας εμφάνισης Η τιμή ισχύει από
Books MC Athens Campus Library MC Athens Campus Library 9780000016409 2733 05/06/2025 658.82 SHI 1           05/06/2025 05/06/2025

MC Athens Campus Library
Πατησίων 94 & Κοδριγκτώνος 13, 104 34
Πελλήνης 8 & Πατησίων 107, 112 51
Τ: +30 210 8899600

MC Thessaloniki Campus Library
Ίωνος Δραγούμη 21, 54625 | Ίωνος Δραγούμη 15, 54625
Τ: +30 2310 287779 – Τ: +30 2314 440300